000
00284nam a2200121Ia 4500
008
190216s9999||||xx |||||||||||||| ||und||
100
_a
Jordan E L & Verma P S
245
0
_a
Chordate Zoology
260
_b
S Chand & Co
_c
1977
300
_a
1151p
650
_a
Zoology
942
_c
BK
999
_c
37426
_d
37426